| 000 | 01140nam a2200289 a 4500 | ||
|---|---|---|---|
| 001 | 000116040 | ||
| 003 | CHAP | ||
| 005 | 20220329144558.0 | ||
| 008 | 190830s2012 mx |r| ||||||spa d | ||
| 010 | _a112501 | ||
| 011 | _a113473 | ||
| 020 | _a9786077538769 | ||
| 040 | _cCHAP | ||
| 082 | 0 | 4 |
_a342.72 _bM99 v.16 |
| 110 | 1 |
_aMéxico. Constitución, _d1917 _976889 |
|
| 245 | 1 | 0 |
_aJïmápidhikami sastudakami ñiokadami go estados jimápidhikami mexikanos = Constitución Politica de los Estados Unidos Mexicanos en Tepehuano del Norte / _ccoordinado por Jesús Velázquez Rodríguez ...[et al]. |
| 260 |
_aMéxico, D.F. : _bINALI _bCoordinación Estatal Tarahumara, _c2012. |
||
| 300 | _a178 p. | ||
| 490 |
_aConstitución Política de los Estados Unidos Mexicanos en lenguas indígenas _v16 |
||
| 500 | _aGlosario de término jurídicos Tepehuano del Norte | ||
| 590 |
_aE5765TAJ _b05 _c20190830 _lUCH01 _h1234 |
||
| 700 | 1 |
_aVelázquez Rodríguez, Jesús _ecoord. _9136751 |
|
| 830 | 0 |
_aConstitución Política de los Estados Unidos Mexicanos en lenguas indígenas _v16 _9136735 |
|
| 901 | _aBK | ||
| 942 | _cLIBRO | ||
| 942 | _n0 | ||
| 999 |
_c112501 _d112501 |
||